000 01406 a2200265 4500
003 Nust
005 20221018123009.0
010 _a 2003277453
020 _a0471263273 (alk. paper)
020 _a0471452572 (WIE : alk. paper)
035 _a(OCoLC)ocm52996939
040 _cNust
082 0 0 _a570.28,BIO
245 0 0 _aBioinstrumentation /
_c[edited by] John G. Webster.
260 _aHoboken, N.J. :
_bJohn Wiley & Sons,
_cc2004.
300 _axiv, 383 p. :
_bill. ;
_c25 cm.
505 _aMeasurement Systems (Page-1), Basic Concepts Of Electronics (Page-28), Analysis Of Modules In Clinical Medicine (Page-91), Surface Characterization In Biomaterials And Tissue Engineering (Page-129), Hematology (Page-170), Cellular Measurement In Biomaterials And Tissue Engineering (Page-190), Nervous System (Page-228), Heart And Circulation (Page-262), Lung, Kidney, Bone And Skin (Page-303), Body Temperature, Heat, Fat And Movement (Page-339).
650 0 _aBiological apparatus and supplies.
_982536
650 0 _aBiotechnology.
_92447
700 1 _aWebster, John G.,
_d1932-
_9201
856 4 2 _3Contributor biographical information
_uhttp://www.loc.gov/catdir/bios/wiley044/2003277453.html
856 4 2 _3Publisher description
_uhttp://www.loc.gov/catdir/description/wiley041/2003277453.html
856 4 2 _3Table of contents
_uhttp://www.loc.gov/catdir/toc/wiley041/2003277453.html
942 _2ddc
_cBK
999 _c183217
_d183217